Quiz général sur le rugby: Quiz à choix multiples - Statistiques

Statistiques générales
  • Ce quiz a été pris 253 fois
    236 depuis la dernière actualisation
  • Le résultat moyen est 10 sur 15
Statistiques - réponses
Question Réponse % Correct
Quelle nouvelle règle est entrée en vigueur au cours du championnat 2021-2022, et permet à une équipe ayant envoyé indirectement le ballon dans les 22m adverses depuis son camp de récupérer le lancer? 50-22
87%
Quel pays ne faisait pas partie du tournoi des Cinq Nations? Italie
87%
Combien de points vaut un essai de pénalité? 7
84%
Combien de joueurs constituent une mêlée, par équipe? 8
84%
De combien de mètres l'arbitre peut-il avancer une pénalité en cas de contestation de l'équipe adverse? 10 mètres
79%
Quelle équipe de rugby est surnommée Les Jaunards? Clermont-Ferrand
76%
Laquelle de ces nations n'a jamais été qualifiée en coupe du monde? Hongrie
76%
Lequel de ces joueurs n'est pas un demi d'ouverture français? Melvyn Jaminet
76%
Si un coup de pied tiré dans la moitié de terrain d'une équipe hors de ses 22m sort directement en touche, où le renvoi de touche est-il effectué? A l'emplacement du botteur
68%
Quel est le premier pays à avoir remporté une coupe du monde? Nouvelle-Zélande
68%
Une pénalité jouée en touche peut être récupérée par l'équipe adverse si... Un joueur adverse parvient à volleyer le ballon dans le terrain sans être en contact avec la touche
68%
Un en-avant n'est pas sifflé par l'arbitre si... C'est un contre depuis un coup de pied
53%
Combien de clubs français ont gagné une Coupe d'Europe en 2022 4
29%
Quelle équipe n'a jamais concédé un essai en finale de coupe du monde? Afrique du Sud
29%
Quelle nation a remporté le tout premier match de rugby international? Ecosse
8%
Aucun quiz correspondant
Distribution des résultats
% des personnes avec chaque résultat
Percentile par nombre de réponses
Votre historique - résultats
Vous n’avez pas pris ce quiz depuis la dernière actualisation